00913 2200181 4500245004400000020002200044250001100066100001400077700001100091650001700102005001900119260003300138041001400171084001100185300002300196500050300219336000900722 aCinta Tak Pernah PergicAlly JanehText a978-602-60923-4-2 aCet. 1 aAlly Jane aReni S aNovel Remaja a20230926104249 aPamulangbCahaya Fiksic2017 aIndonesia a808.83 a260 hlm. :c19 cm. aClareta, Cla, bertemu dengan Kai untuk pertama kalinya dalam mimpi. Cowok menyebalkan yang tak pernah berhenti membuat Cla kesal. Sebagai seorang Dream Controller, orang yang mampu mengendalikan mimpi, kehadiran kai dalam mimpi yang tak bisa dikendalikannya mengusik Cla. Apalagi letika cowok itu mulai ikut campur dengan masalahnya. Kenapa kai bisa muncul dalam mimpi Cla? Siapa kai sebenarnya? Ketika Kai mulai terlibat dalam hidupnya, Akankah Cla membiarkan cowok itu tetap berada di sampingnya? atext